00714nam a2200205Ia 4500003000400000008004100004020002300045040000800068100002300076245010400099260003000203300001500233365001200248901002100260902003300281903005800314942001200372952010700384999001700491LDD181029s9999 xx 000 0 und d a415910781cP 17.95 cLDD aDaniels, Robert V. 4aThe fourth revolutionbtransformation in american society from the sixities to tcRobert V. Daniels aNew YorkbRoutledgec2006 axiii, 275p bP 17.95 a4008b06-12-2007 a11336b27-12-2007cFdOPe32 aDiscount-15bReqst by : Anurag Joshi  2ddccBK 00102ddc4070979372aLDDbLDDl0o303.484097309045 D22p062706r2018-11-01v1407.28w2018-11-01yBK c79373d79373